• 首页
  • 本馆介绍
  • 公告通知
  • 最新文献
  • 馆藏检索
  • 电子资源
  • 读者导购
  • 参考咨询
  • 我的图书馆
  • 登录
  • 详细信息显示
  • 放入我的书架
  • 预约/预借图书
  • 作者相关作品
  • 分类相关作品
  • 丛书相关作品
  • 出版社相关作品

书目信息

  • 表格格式
  • 工作单格式
  • 卡片格式
题名:
Python机器学习入门
    
 
作者: 穆勒 , 圭多 著
分册:  
出版信息: 南京   东南大学出版社  2017.01
页数: 376页
开本: 24cm
丛书名:
单 册:
中图分类: TP311.561 , TP312PY , TP311.56
科图分类:
主题词:
电子资源:
ISBN: 978-7-5641-6906-0
000 01313nam0 2200325 450
001 5507
005 20181016100907.76
010    @a978-7-5641-6906-0@dCNY89.00
100    @a20170427e2017 em y0chiy50 ea
101 0  @aeng@gchi
102    @aCN@b320000
105    @ay z 001yy
200 1  @aPython机器学习入门@9Python ji qi xue xi ru men@dIntroduction to machine learning with Python@zeng@fAndreas C. Muller,Sarab Guido著
205    @a影印版
210    @a南京@c东南大学出版社@d2017.01
215    @a376页@d24cm
305    @aO'Reilly Media,Inc.授权东南大学出版社出版
314    @aAndreas C. Muller,在伯恩大学的机器学习专业获得博士学位。是scikit-learn的维护者和核心贡献者。
314    @aSarab Guido,数据科学家。
330    @a本书将会让你学到:机器学习的基本概念和应用程序,各种广泛使用的机器学习算法的有点和缺点,用模型评估和参数调整的高级方法,用于连接模型和封装工作流的管道的概念等。
510 1  @aIntroduction to machine learning with Python@zeng
610 0  @a面向对象语言,Python@x软件工具@x程序设计@x英文
610 0  @aPython
690    @aTP311.561@v5
690    @aTP312PY@v5
690    @aTP311.56@v4
701  0 @c(美)@a穆勒@9mu le@c(Muller, Andreas C. )@4著
701  0 @c(美)@a圭多@9gui duo@c(Guido, Sarab)@4著
801  0 @aCN@b91MARC@c20170427
905    @aMuseLib@dTP311.56@e1318
    
    Python机器学习入门=Introduction to machine learning with Python/Andreas C. Muller,Sarab Guido著.-影印版.-南京:东南大学出版社,2017.01
    376页;24cm
    
    
    ISBN 978-7-5641-6906-0:CNY89.00
    本书将会让你学到:机器学习的基本概念和应用程序,各种广泛使用的机器学习算法的有点和缺点,用模型评估和参数调整的高级方法,用于连接模型和封装工作流的管道的概念等。
●
相关链接 在E读中查询图书 在五车中查询图书 在当当中查询图书 在豆瓣中查询图书


正题名:Python机器学习入门     索取号:TP311.56/1318         预约/预借

序号 登录号 条形码 馆藏地/架位号 状态 备注
1 1130050   211300509   第二样本阅览室/ [索取号:TP311.56/1318] 在馆    
2 1130051   211300518   第三借阅区/ [索取号:TP311.56/1318] 在馆    
3 1130052   211300527   第三借阅区/ [索取号:TP311.56/1318] 在馆    
4 1130053   211300536   第三借阅区/ [索取号:TP311.56/1318] 在馆    
5 1130054   211300545   第三借阅区/ [索取号:TP311.56/1318] 在馆    
唐山师范学院图书馆 欢迎您!
大连网信软件有限公司© 版权所有